| 000 | 01099cam a22003014a 4500 | ||
|---|---|---|---|
| 999 |
_c7372 _d7372 |
||
| 001 | 15152219 | ||
| 003 | OSt | ||
| 005 | 20211025103205.0 | ||
| 008 | 080124s2008 enka b 001 0 eng | ||
| 010 | _a 2008003078 | ||
| 020 | _a9780273710394 | ||
| 040 |
_aDLC _cDDC _dDLC |
||
| 043 | _ae------ | ||
| 050 | 0 | 0 |
_aHG925 _b.H695 2008 |
| 082 | 0 | 0 | _a332.042HOW 2008 |
| 100 | 1 |
_aHowells,Peter; Bain,Keith; _d1947- _915104 |
|
| 245 | 1 | 4 |
_aThe economics of money, banking and finance. _bA European text. _cEdited by Howells,Peter and Bain,Keith; |
| 250 | _a4th ed. | ||
| 260 |
_aNew York. _bPrentice Hall Financial Times. _c2008. |
||
| 300 |
_axxi,634p; _bill; _c25cm. |
||
| 504 | _aIncludes; bibliographical references and index. | ||
| 650 | 0 |
_aEconomics. _9975 |
|
| 700 | 1 |
_aBain, K., _d1942- _915105 |
|
| 856 | 4 | 1 |
_3Table of contents only _uhttp://www.loc.gov/catdir/toc/ecip089/2008003078.html |
| 906 |
_a7 _bcbc _corignew _d1 _eecip _f20 _gy-gencatlg |
||
| 942 |
_2ddc _cO_SHELF |
||